Návrh koncepcie predložený ministrom vnútra a schválený vládou SR 14. mája

Návrh na ďalšiu decentralizáciu pôsobností. Návrh decentralizácie pôsobností z okresných úradov na obce. Návrh na decentralizáciu pôsobností na samosprávu vyšších územných celkov. Návrh na nové usporiadanie miestnej štátnej správy. Princípy organizácie špecializovanej miestnej štátnej správy. Návrh...

Descrizione completa

Salvato in:
Dettagli Bibliografici
Natura: Capitolo di libro
Lingua:slovacco
Soggetti:
Tags: Aggiungi Tag
Nessun Tag, puoi essere il primo ad aggiungerne!!

MARC

LEADER 00000naa$a2200000$$$4500
001 0004677
005 20230927091840.9
041 0 |a slo 
044 |a SK 
245 1 0 |a Návrh koncepcie predložený ministrom vnútra a schválený vládou SR 14. mája 
520 |a Návrh na ďalšiu decentralizáciu pôsobností. Návrh decentralizácie pôsobností z okresných úradov na obce. Návrh na decentralizáciu pôsobností na samosprávu vyšších územných celkov. Návrh na nové usporiadanie miestnej štátnej správy. Princípy organizácie špecializovanej miestnej štátnej správy. Návrh na usporiadanie miestnej štátnej správy. Pokrač. 
610 2 0 |a správa štátna 
610 2 0 |a správa miestna 
610 2 0 |a decentralizácia 
610 2 0 |a obce 
610 2 0 |a vyššie územné celky